000 00304nam a22001337a 4500
008 171006b xxu||||| |||| 00| 0 eng d
020 _a9780781730150
041 _aeng
080 _a159.9
100 _a49
101 _aPSI
245 _aCHILD AND ADOLESCNET MENTAL HEALTH
_cKAYE,D.L
942 _2udc
_cBK
999 _c32228
_d32228